| 000 | 00329nam a22001337a 4500 | ||
|---|---|---|---|
| 020 | _a8122414354 | ||
| 082 |
_222 _a691 |
||
| 100 | _aDuggal, S. K. | ||
| 245 | _aBuilding materials / | ||
| 250 | _a2nd. | ||
| 260 |
_aNew Delhi, _bNew Age International, _cc2006. |
||
| 300 |
_axvi, 535 p. ; _bill. ; _c24 cm. |
||
| 942 |
_2ddc _cCIVIL _05 |
||
| 999 |
_c137 _d137 |
||